000 00689nam a22001697a 4500
003 OSt
005 20171010095439.0
008 120606t xxu||||| |||| 00| 0 eng d
040 _aMMSU
_cULS
100 _aFailano, Dolly S., Balanay, Renvel R.
_910017
245 _aA Computerized sales and inventory management system of the Mariano Marcos State University-Development Cooperative (MMSU-DC), Batac branch
_cDolly S. Failano, Renvel R. Balanay
260 _c2007
300 _axiii, [114] leaves
_c28 cm.
500 _aThesis (BS Computer Science) -- Mariano Marcos State University-College of Arts and Sciences, Batac City
504 _aBibliography: leaf 48
942 _2ddc
_cTHEDIS
999 _c9535
_d9535